[Event "Quebec op"]
[Site "Montreal CAN"]
[Date "2012.07.22"]
[Round "3"]
[White "Greeff, Melissa"]
[Black "Naroditsky, Daniel"]
[Result "0-1"]
[WhiteElo "2091"]
[BlackElo "2486"]
[PlyCount "134"]
[GameId "2160767909441981"]
[EventDate "2012.07.21"]
[EventType "swiss"]
[EventRounds "9"]
[EventCountry "CAN"]
[SourceTitle "CBM 149 Extra"]
[Source "ChessBase"]
[SourceDate "2012.08.24"]
[SourceVersion "1"]
[SourceVersionDate "2012.08.24"]
[SourceQuality "1"]

1. e4 g6 2. Nf3 Bg7 3. d3 c5 4. g3 Nc6 5. Bg2 d6 6. c3 Nf6 7. h3 O-O 8. O-O e5 9. a3 b5 10. Be3 Qe7 11. a4 b4 12. Nfd2 Ba6 13. Nc4 bxc3 14. Nxc3 Nb4 15. Bg5 Qe6 16. b3 Ne8 17. Rc1 Qd7 18. Be3 Rc8 19. f4 exf4 20. Bxf4 Bb7 21. Nb5 d5 22. Ncd6 Nxd6 23. Bxd6 Bd4+ 24. Kh2 Rfe8 25. e5 Bxe5 26. Bxc5 Na2 27. Rc2 Nc3 28. Nxc3 Rxc5 29. d4 Bxg3+ 30. Kxg3 Qc7+ 31. Kf2 Rxc3 32. Rxc3 Qxc3 33. Kg1 Ba6 34. Qf3 Qxd4+ 35. Qf2 Qxf2+ 36. Rxf2 d4 37. Bd5 Re7 38. b4 Bb7 39. Bc4 Rc7 40. Bb3 Kg7 41. b5 d3 42. Rd2 Rc3 43. Bd1 Bd5 44. Kf2 Bb3 45. Bxb3 Rxb3 46. Ke3 Ra3 47. Rxd3 Rxa4 48. Rb3 Kf6 49. Kf3 h5 50. Kg3 Ke5 51. Kf3 g5 52. Kg3 f5 53. Kf3 Kd5 54. b6 axb6 55. Rxb6 Ra3+ 56. Kg2 Ke4 57. Rb4+ Ke3 58. Rb2 Rd3 59. Rb5 Rd2+ 60. Kf1 f4 61. Rxg5 Rd1+ 62. Kg2 f3+ 63. Kg3 Rg1+ 64. Kh4 Rxg5 65. Kxg5 f2 66. Kxh5 f1=Q 67. h4 Qf4 0-1

[Event "Quebec op"]
[Site "Montreal CAN"]
[Date "2012.07.22"]
[Round "3"]
[White "Hansen, Eric"]
[Black "Sumets, Andrey"]
[Result "1/2-1/2"]
[WhiteElo "2460"]
[BlackElo "2618"]
[PlyCount "35"]
[GameId "2160767909441982"]
[EventDate "2012.07.21"]
[EventType "swiss"]
[EventRounds "9"]
[EventCountry "CAN"]
[SourceTitle "CBM 149 Extra"]
[Source "ChessBase"]
[SourceDate "2012.08.24"]
[SourceVersion "1"]
[SourceVersionDate "2012.08.24"]
[SourceQuality "1"]

1. e4 e6 2. d4 d5 3. Nc3 Nf6 4. Bg5 dxe4 5. Nxe4 Nbd7 6. Nf3 h6 7. Nxf6+ Nxf6 8. Bh4 c5 9. Bc4 cxd4 10. O-O Be7 11. Qe2 O-O 12. Rad1 Qb6 13. Nxd4 Qxb2 14. Nf5 exf5 15. Qxe7 Be6 16. Bxe6 fxe6 17. Qxe6+ Kh8 18. Qxf5 1/2-1/2

[Event "Quebec op"]
[Site "Montreal CAN"]
[Date "2012.07.22"]
[Round "3"]
[White "Kovalyov, Anton"]
[Black "Smith, Bryan G"]
[Result "1/2-1/2"]
[WhiteElo "2614"]
[BlackElo "2441"]
[PlyCount "64"]
[GameId "2160767909441983"]
[EventDate "2012.07.21"]
[EventType "swiss"]
[EventRounds "9"]
[EventCountry "CAN"]
[SourceTitle "CBM 149 Extra"]
[Source "ChessBase"]
[SourceDate "2012.08.24"]
[SourceVersion "1"]
[SourceVersionDate "2012.08.24"]
[SourceQuality "1"]

1. Nf3 c5 2. c4 g6 3. d4 Bg7 4. e4 Qb6 5. dxc5 Qxc5 6. Be2 d6 7. Nc3 Bxc3+ 8. bxc3 Nd7 9. Nd4 Ngf6 10. f3 O-O 11. Be3 Qc7 12. Nb5 Qa5 13. Qb3 a6 14. Nd4 Nc5 15. Qb4 Qc7 16. Bg5 Nfd7 17. Rd1 Ne5 18. h4 b5 19. cxb5 axb5 20. Nxb5 Qb7 21. Nd4 Qa7 22. a4 Bd7 23. Nb5 Qb7 24. Bxe7 Bxb5 25. Bxf8 Bxe2 26. Qxb7 Nxb7 27. Kxe2 Kxf8 28. Ra1 Nc5 29. a5 Nc6 30. Rhb1 Rxa5 31. Rxa5 Nxa5 32. Rb8+ Ke7 1/2-1/2

[Event "Quebec op"]
[Site "Montreal CAN"]
[Date "2012.07.22"]
[Round "3"]
[White "Le Duin, Thierry"]
[Black "Forget, David"]
[Result "1-0"]
[WhiteElo "1938"]
[BlackElo "1867"]
[PlyCount "37"]
[GameId "2160767909441984"]
[EventDate "2012.07.21"]
[EventType "swiss"]
[EventRounds "9"]
[EventCountry "CAN"]
[SourceTitle "EXT 2022"]
[Source "ChessBase"]
[SourceDate "2021.10.06"]
[SourceVersion "1"]
[SourceVersionDate "2021.10.06"]
[SourceQuality "1"]

1. d4 d5 2. Nf3 Bf5 3. Nh4 Bd7 4. Nf3 Bf5 5. e3 e6 6. Bd3 Bxd3 7. Qxd3 Nf6 8. Qb5+ Nbd7 9. Qxb7 Bd6 10. O-O O-O 11. Qa6 Qe7 12. Nbd2 e5 13. dxe5 Nxe5 14. Nxe5 Qxe5 15. Nf3 Qh5 16. Qd3 Ne4 17. h3 g5 18. Qxd5 Qg6 19. Nd2 1-0

[Event "Quebec op"]
[Site "Montreal CAN"]
[Date "2012.07.22"]
[Round "3"]
[White "Lebeau, Gilbert"]
[Black "Casareno, Erwin"]
[Result "0-1"]
[WhiteElo "1978"]
[BlackElo "2246"]
[PlyCount "52"]
[GameId "2160767909441985"]
[EventDate "2012.07.21"]
[EventType "swiss"]
[EventRounds "9"]
[EventCountry "CAN"]
[SourceTitle "hb 2012"]

1. d4 c5 2. c3 b6 3. Nf3 Bb7 4. Bf4 d6 5. e3 Nf6 6. Bd3 g6 7. Nbd2 Bg7 8. O-O O-O 9. Re1 Nh5 10. Bg5 h6 11. Bh4 Nd7 12. Qb3 Kh7 13. Rad1 d5 14. Bb1 c4 15. Qc2 b5 16. e4 dxe4 17. Nxe4 Ndf6 18. Nfd2 Nf4 19. Nc5 Bxg2 20. Bg3 N6h5 21. Re3 Qd5 22. Nde4 f5 23. f3 fxe4 24. fxe4 Qg5 25. Rde1 Bh3 26. Kh1 Ng2 0-1

[Event "Quebec op"]
[Site "Montreal CAN"]
[Date "2012.07.22"]
[Round "3"]
[White "Libersan, Thierry"]
[Black "Lopez Linares, Lizandro"]
[Result "1/2-1/2"]
[WhiteElo "2153"]
[BlackElo "2096"]
[PlyCount "125"]
[GameId "2160767909441986"]
[EventDate "2012.07.21"]
[EventType "swiss"]
[EventRounds "9"]
[EventCountry "CAN"]
[SourceTitle "EXT 2022"]
[Source "ChessBase"]
[SourceDate "2021.10.06"]
[SourceVersion "1"]
[SourceVersionDate "2021.10.06"]
[SourceQuality "1"]

1. e4 c6 2. d4 d5 3. e5 Bf5 4. Nf3 e6 5. Be2 Nd7 6. O-O a6 7. Nbd2 Rc8 8. Nb3 c5 9. c3 h6 10. Be3 c4 11. Nbd2 b5 12. Ne1 h5 13. Ndf3 Be7 14. Qd2 Nh6 15. h3 a5 16. a3 Nb6 17. Ng5 Bg6 18. Nef3 Nf5 19. h4 Na4 20. g3 Qd7 21. Nh3 Kd8 22. Nf4 Kc7 23. Nxg6 fxg6 24. Bg5 Kb8 25. Kg2 Rc7 26. Bxe7 Qxe7 27. Ng5 Rb7 28. Rfb1 Nb6 29. b3 Rc8 30. Rb2 cxb3 31. Rxb3 Nc4 32. Bxc4 dxc4 33. Rb2 Qd7 34. Qe2 Nxd4 35. cxd4 Qxd4 36. Rd1 Qc5 37. Rdb1 b4 38. axb4 axb4 39. Ne4 Qa5 40. Nd6 b3 41. Nxb7 Qd5+ 42. Qf3 Kxb7 43. Rd1 Qxf3+ 44. Kxf3 Kb6 45. Rc1 Rc5 46. Ke4 Kb5 47. Rd1 Kb4 48. Rd6 Rb5 49. Rxe6 Kc3 50. Rb1 Kc2 51. Rf1 c3 52. Rc6 b2 53. e6 b1=Q 54. Rxb1 Rxb1 55. e7 Re1+ 56. Kd4 Rxe7 57. Rxc3+ Kd2 58. Ra3 Rf7 59. Ra2+ Ke1 60. Ke3 Kf1 61. f4 Rb7 62. f5 gxf5 63. Rf2+ 1/2-1/2

[Event "Quebec op"]
[Site "Montreal CAN"]
[Date "2012.07.22"]
[Round "3"]
[White "Luo, Zhao Yang"]
[Black "Chiku-Ratte, Olivier-Kenta"]
[Result "0-1"]
[WhiteElo "2042"]
[BlackElo "2196"]
[PlyCount "58"]
[GameId "2160767909441987"]
[EventDate "2012.07.21"]
[EventType "swiss"]
[EventRounds "9"]
[EventCountry "CAN"]
[SourceTitle "hb 2012"]

1. d4 Nf6 2. Nf3 c5 3. e3 b6 4. Bd3 Bb7 5. O-O g6 6. c4 Bg7 7. Nc3 O-O 8. d5 e6 9. e4 exd5 10. cxd5 d6 11. Nd2 Re8 12. Nc4 Ba6 13. Ne3 c4 14. Bc2 b5 15. a3 Nbd7 16. f3 Nc5 17. Ne2 Nfd7 18. Ng4 Ne5 19. Nxe5 Bxe5 20. Re1 Bb7 21. f4 Bg7 22. Nd4 Nd3 23. Nc6 Bxc6 24. Bxd3 Bxd5 25. exd5 Rxe1+ 26. Qxe1 cxd3 27. Qe4 Qa5 28. b4 Qa4 29. Rb1 Qc2 0-1

[Event "Quebec op"]
[Site "Montreal CAN"]
[Date "2012.07.22"]
[Round "3"]
[White "Munshi, Shawkat"]
[Black "Abreu Cordero, Jose"]
[Result "0-1"]
[WhiteElo "1678"]
[BlackElo "2010"]
[PlyCount "108"]
[GameId "2160767909441988"]
[EventDate "2012.07.21"]
[EventType "swiss"]
[EventRounds "9"]
[EventCountry "CAN"]
[SourceTitle "EXT 2022"]
[Source "ChessBase"]
[SourceDate "2021.10.06"]
[SourceVersion "1"]
[SourceVersionDate "2021.10.06"]
[SourceQuality "1"]

1. Nf3 d5 2. e3 Nf6 3. b3 Bg4 4. Be2 e6 5. Bb2 Nbd7 6. c4 Bd6 7. d4 c6 8. Nbd2 h6 9. h3 Bf5 10. c5 Bc7 11. b4 Qe7 12. Nb3 O-O 13. O-O a6 14. a4 e5 15. dxe5 Nxe5 16. Nxe5 Bxe5 17. Nd4 Bd7 18. Qc2 Rac8 19. Bd3 Rfe8 20. Bf5 g6 21. Bxd7 Nxd7 22. Nf3 Bxb2 23. Qxb2 Qe4 24. Rfd1 Qf5 25. Nd4 Qf6 26. Qe2 Re7 27. Rac1 Ne5 28. Nf3 Nxf3+ 29. Qxf3 Qb2 30. Qg4 Rce8 31. Qd4 Qb3 32. Ra1 Re4 33. Rdb1 Qc2 34. Qb2 Rc4 35. Qxc2 Rxc2 36. Rc1 Rxc1+ 37. Rxc1 Re4 38. Rb1 Rc4 39. g4 a5 40. bxa5 Rxa4 41. Rxb7 Rxa5 42. Kg2 Rxc5 43. f4 Rc3 44. Kf3 d4 45. Re7 Kf8 46. Re4 c5 47. Ke2 f5 48. gxf5 gxf5 49. Re5 Rxe3+ 50. Rxe3 dxe3 51. Kxe3 Ke7 52. Kd3 Kd6 53. Kc4 h5 54. h4 Kc6 0-1

[Event "Quebec op"]
[Site "Montreal CAN"]
[Date "2012.07.22"]
[Round "3"]
[White "Oliva Castaneda, Kevel"]
[Black "Kraiouchkine, Nikita"]
[Result "1-0"]
[WhiteElo "2320"]
[BlackElo "2204"]
[PlyCount "95"]
[GameId "2160767909441989"]
[EventDate "2012.07.21"]
[EventType "swiss"]
[EventRounds "9"]
[EventCountry "CAN"]
[SourceTitle "CBM 149 Extra"]
[Source "ChessBase"]
[SourceDate "2012.08.24"]
[SourceVersion "1"]
[SourceVersionDate "2012.08.24"]
[SourceQuality "1"]

1. Nf3 d5 2. d4 Nf6 3. c4 c6 4. Nc3 dxc4 5. a4 e6 6. e3 c5 7. Bxc4 cxd4 8. exd4 Nc6 9. O-O Be7 10. Be3 O-O 11. Ne5 Nb4 12. a5 Bd7 13. Qb3 Bc6 14. a6 Qc8 15. Nxc6 bxc6 16. Bf4 Rd8 17. Rfd1 Nfd5 18. Be5 Nc7 19. Ne4 Ncd5 20. Nc5 f6 21. Bg3 Kh8 22. Ra4 e5 23. Nb7 Rf8 24. dxe5 fxe5 25. Bxe5 Qf5 26. Bg3 Rf6 27. Re1 Re6 28. Qd1 Qc2 29. b3 Nc3 30. Qa1 Rxe1+ 31. Qxe1 Nxa4 32. Qxe7 Nd5 33. Qe1 Nab6 34. Nd6 Nxc4 35. bxc4 Nf6 36. h3 Qg6 37. Qe7 h5 38. Qb7 Rf8 39. Qxa7 h4 40. Bxh4 Qb1+ 41. Kh2 Qc1 42. Qe7 Ra8 43. Bg5 Qa1 44. Nf5 Ng8 45. Qf7 Rxa6 46. Qh5+ Nh6 47. Nxh6 gxh6 48. Qxh6+ 1-0

[Event "Quebec op"]
[Site "Montreal CAN"]
[Date "2012.07.22"]
[Round "3"]
[White "Panjwani, Raja"]
[Black "Jiang, Louie"]
[Result "0-1"]
[WhiteElo "2392"]
[BlackElo "2337"]
[PlyCount "74"]
[GameId "2160767909441990"]
[EventDate "2012.07.21"]
[EventType "swiss"]
[EventRounds "9"]
[EventCountry "CAN"]
[SourceTitle "CBM 149 Extra"]
[Source "ChessBase"]
[SourceDate "2012.08.24"]
[SourceVersion "1"]
[SourceVersionDate "2012.08.24"]
[SourceQuality "1"]

1. c4 Nf6 2. Nf3 e6 3. g3 b6 4. Bg2 Bb7 5. O-O Be7 6. Nc3 O-O 7. Re1 c5 8. e4 d6 9. h3 a6 10. d3 Nfd7 11. Nh2 Nc6 12. f4 Nd4 13. Nf3 Bf6 14. Kh2 b5 15. cxb5 Nxb5 16. Bd2 Rb8 17. Rc1 Bc6 18. b3 Nxc3 19. Bxc3 Bxc3 20. Rxc3 a5 21. d4 a4 22. d5 exd5 23. exd5 Bb5 24. bxa4 Qa5 25. Ra3 Nb6 26. Re4 Bc4 27. Qd2 Qxd2 28. Nxd2 Bxd5 29. a5 Bxe4 30. Bxe4 Nc8 31. Rb3 Rxb3 32. axb3 d5 33. Bf3 Ne7 34. a6 Ra8 35. Be2 c4 36. Nxc4 dxc4 37. Bxc4 Nc6 0-1

[Event "Quebec op"]
[Site "Montreal CAN"]
[Date "2012.07.22"]
[Round "3"]
[White "Piasetski, Leon"]
[Black "Rozentalis, Eduardas"]
[Result "1/2-1/2"]
[WhiteElo "2290"]
[BlackElo "2600"]
[PlyCount "99"]
[GameId "2160767909441991"]
[EventDate "2012.07.21"]
[EventType "swiss"]
[EventRounds "9"]
[EventCountry "CAN"]
[SourceTitle "CBM 149 Extra"]
[Source "ChessBase"]
[SourceDate "2012.08.24"]
[SourceVersion "1"]
[SourceVersionDate "2012.08.24"]
[SourceQuality "1"]

1. Nf3 d5 2. d4 c6 3. e3 Bg4 4. c4 e6 5. Nc3 Nd7 6. h3 Bh5 7. e4 dxe4 8. Nxe4 Ngf6 9. Bd3 Nxe4 10. Bxe4 Nf6 11. Bc2 Bxf3 12. gxf3 Qa5+ 13. Bd2 Bb4 14. a3 Bxd2+ 15. Qxd2 Qxd2+ 16. Kxd2 O-O-O 17. Ke3 Rhe8 18. f4 g6 19. Rad1 Re7 20. Rd2 Ne8 21. b3 Nd6 22. Rhd1 a5 23. a4 Kc7 24. Kf3 Red7 25. h4 h5 26. Ke3 Ne8 27. d5 exd5 28. f5 gxf5 29. Bxf5 Rd6 30. cxd5 Rxd5 31. Rxd5 Rxd5 32. Rxd5 cxd5 33. Kd4 Ng7 34. Bc2 Kd6 35. f4 Ne6+ 36. Ke3 Kc5 37. Bd1 Ng7 38. Bc2 b6 39. Bh7 Kd6 40. Bc2 Ke6 41. Bd1 Nf5+ 42. Kd3 Nxh4 43. Bxh5 Ng2 44. f5+ Kf6 45. Kd4 Nf4 46. Bxf7 Kxf7 47. Ke5 Nd3+ 48. Kxd5 Nc5 49. Kc4 Kf6 50. b4 1/2-1/2

[Event "Quebec op"]
[Site "Montreal CAN"]
[Date "2012.07.22"]
[Round "3"]
[White "Qin, Zi Yi (Joey)"]
[Black "Kleinman, Michael"]
[Result "1/2-1/2"]
[WhiteElo "2198"]
[BlackElo "2284"]
[PlyCount "48"]
[GameId "2160767909441992"]
[EventDate "2012.07.21"]
[EventType "swiss"]
[EventRounds "9"]
[EventCountry "CAN"]

1. e4 c5 2. Nf3 e6 3. d4 cxd4 4. Nxd4 Nc6 5. Nc3 Qc7 6. Be2 a6 7. O-O Nf6 8. Be3 Bb4 9. Na4 O-O 10. c4 Nxe4 11. Bf3 Nf6 12. c5 d6 13. Rc1 Bxc5 14. Nxc5 dxc5 15. Rxc5 Bd7 16. Qc2 Nd5 17. Bxd5 exd5 18. Rxd5 Rac8 19. Rc1 Rfe8 20. Nf3 h6 21. a3 Bg4 22. Nd4 Qe7 23. Nxc6 Rxc6 24. Rc5 Rxc5 1/2-1/2

[Event "Quebec op"]
[Site "Montreal CAN"]
[Date "2012.07.22"]
[Round "3"]
[White "Rondon, Luciano"]
[Black "Ramaswamy, Kiran"]
[Result "1/2-1/2"]
[WhiteElo "1844"]
[BlackElo "2037"]
[PlyCount "126"]
[GameId "2160767909441993"]
[EventDate "2012.07.21"]
[EventType "swiss"]
[EventRounds "9"]
[EventCountry "CAN"]
[SourceTitle "EXT 2022"]
[Source "ChessBase"]
[SourceDate "2021.10.06"]
[SourceVersion "1"]
[SourceVersionDate "2021.10.06"]
[SourceQuality "1"]

1. d4 Nf6 2. c4 c5 3. d5 e5 4. dxe6 dxe6 5. Qxd8+ Kxd8 6. Nf3 Bd6 7. Nc3 Nc6 8. Bg5 h6 9. Ne4 Be7 10. O-O-O+ Kc7 11. Bf4+ e5 12. Nxf6 Bxf6 13. Bg3 Be6 14. e3 Rad8 15. Be2 Kc8 16. Nd2 Bf5 17. e4 Be6 18. Nb3 b6 19. Rxd8+ Rxd8 20. Rd1 Bg5+ 21. Kb1 Rxd1+ 22. Bxd1 Bxc4 23. h4 Bf6 24. Nd2 Bd3+ 25. Bc2 Nb4 26. Bxd3 Nxd3 27. Nc4 Kd7 28. Ne3 Nf4 29. Kc2 Ke6 30. Kb3 b5 31. f3 g5 32. hxg5 Bxg5 33. Bxf4 Bxf4 34. Nd5 Kd6 35. Kc3 f5 36. b3 fxe4 37. fxe4 Bg3 38. Ne3 Bf4 39. Nd5 h5 40. Kd3 h4 41. Kc3 Bg3 42. Kd3 Kc6 43. Kc3 Kb7 44. Kd3 Ka6 45. Kc3 Bf2 46. Ne7 Kb6 47. Nd5+ Ka5 48. Ne7 Bd4+ 49. Kc2 c4 50. Ng6 Kb4 51. Nxh4 Bf2 52. Nf5 Bb6 53. g4 Bd8 54. Nd6 cxb3+ 55. axb3 a5 56. Nf7 Bf6 57. g5 Bg7 58. Nd6 a4 59. bxa4 bxa4 60. Nf5 Bf8 61. g6 Kc4 62. g7 Bxg7 63. Nxg7 Kd4 1/2-1/2

[Event "Quebec op"]
[Site "Montreal CAN"]
[Date "2012.07.22"]
[Round "3"]
[White "Sambuev, Bator"]
[Black "Prahov, Valentin"]
[Result "1-0"]
[WhiteElo "2542"]
[BlackElo "2209"]
[PlyCount "73"]
[GameId "2160767909441994"]
[EventDate "2012.07.21"]
[EventType "swiss"]
[EventRounds "9"]
[EventCountry "CAN"]
[SourceTitle "CBM 149 Extra"]
[Source "ChessBase"]
[SourceDate "2012.08.24"]
[SourceVersion "1"]
[SourceVersionDate "2012.08.24"]
[SourceQuality "1"]

1. d4 Nf6 2. c4 g6 3. Nc3 d5 4. cxd5 Nxd5 5. e4 Nxc3 6. bxc3 Bg7 7. Bc4 c5 8. Ne2 O-O 9. O-O cxd4 10. cxd4 Nc6 11. Be3 Bg4 12. f3 Na5 13. Bd3 Be6 14. d5 Bxa1 15. Qxa1 f6 16. Rd1 Bf7 17. g4 Rc8 18. Bxa7 Nc4 19. Bd4 Qd6 20. f4 h6 21. Bf2 Qa3 22. Bd4 Qd6 23. h3 Rc7 24. Bf2 Qa3 25. Nd4 Qb2 26. a4 Qxa1 27. Rxa1 Nb2 28. Bf1 Rfc8 29. Nb3 Be8 30. Bd4 Nxa4 31. e5 fxe5 32. Bxe5 b5 33. Bxc7 Rxc7 34. Nd4 Rc5 35. Ne6 Rc2 36. f5 gxf5 37. Nd4 1-0

[Event "Quebec op"]
[Site "Montreal CAN"]
[Date "2012.07.22"]
[Round "3"]
[White "Sarrazin-Gendron, Roman"]
[Black "Luksza, Arkadiusz"]
[Result "0-1"]
[WhiteElo "1938"]
[BlackElo "2143"]
[PlyCount "68"]
[GameId "2160767909441995"]
[EventDate "2012.07.21"]
[EventType "swiss"]
[EventRounds "9"]
[EventCountry "CAN"]
[SourceTitle "hb 2012"]

1. e4 e6 2. d4 d5 3. Nd2 Be7 4. e5 c5 5. Ne2 Nh6 6. f4 Nc6 7. Nf3 O-O 8. Be3 f6 9. dxc5 Ng4 10. Bg1 fxe5 11. h3 Nf6 12. fxe5 Ne4 13. Qd3 Nb4 14. Qb3 Qa5 15. O-O-O Nxa2+ 16. Kb1 Nb4 17. c3 Na6 18. Qc2 Bxc5 19. Bxc5 Naxc5 20. Ned4 Bd7 21. Rc1 Rac8 22. Nd2 Rf2 23. Be2 Ba4 24. b3 Nxd2+ 25. Qxd2 Nxb3 26. Nxb3 Bxb3 27. Rhf1 Rxe2 28. Qxe2 Bc4 29. Qf2 Bd3+ 30. Kb2 Bxf1 31. Rxf1 Qxc3+ 32. Kb1 Qb4+ 33. Ka2 Qa5+ 34. Kb2 Qb6+ 0-1

[Event "Quebec op"]
[Site "Montreal CAN"]
[Date "2012.07.22"]
[Round "3"]
[White "So, Wesley"]
[Black "Yang, Darwin"]
[Result "1-0"]
[WhiteElo "2650"]
[BlackElo "2498"]
[PlyCount "67"]
[GameId "2160767909441996"]
[EventDate "2012.07.21"]
[EventType "swiss"]
[EventRounds "9"]
[EventCountry "CAN"]
[SourceTitle "CBM 149 Extra"]
[Source "ChessBase"]
[SourceDate "2012.08.24"]
[SourceVersion "1"]
[SourceVersionDate "2012.08.24"]
[SourceQuality "1"]

1. e4 e6 2. d4 d5 3. Nd2 dxe4 4. Nxe4 Nd7 5. g3 Ngf6 6. Nxf6+ Nxf6 7. Bg2 c5 8. Nf3 cxd4 9. Qxd4 Qxd4 10. Nxd4 a6 11. Bf4 Be7 12. O-O O-O 13. Rad1 Rd8 14. c4 Kf8 15. Bc7 Rd7 16. Bb6 e5 17. Nb3 Rxd1 18. Rxd1 e4 19. Nc5 Bf5 20. Rd4 g6 21. b4 Re8 22. a4 Bxc5 23. Bxc5+ Kg8 24. Bd6 Nd7 25. h3 h5 26. g4 hxg4 27. hxg4 Bxg4 28. Bxe4 b6 29. Bb7 Re1+ 30. Kg2 Bd1 31. b5 a5 32. Bc6 Nf6 33. c5 bxc5 34. b6 1-0

[Event "Quebec op"]
[Site "Montreal CAN"]
[Date "2012.07.22"]
[Round "3"]
[White "Sprumont, Oscar"]
[Black "Gauthier, Denis"]
[Result "1/2-1/2"]
[WhiteElo "1857"]
[BlackElo "1987"]
[PlyCount "44"]
[GameId "2160767909441997"]
[EventDate "2012.07.21"]
[EventType "swiss"]
[EventRounds "9"]
[EventCountry "CAN"]
[SourceTitle "hb 2012"]

1. e4 c5 2. c3 Nf6 3. e5 Nd5 4. d4 cxd4 5. Nf3 Nc6 6. cxd4 d6 7. Bc4 Nb6 8. Bb5 dxe5 9. Nxe5 Bd7 10. Nxd7 Qxd7 11. Nc3 e6 12. O-O O-O-O 13. Be3 Kb8 14. Rc1 a6 15. Na4 Nd5 16. Bxc6 bxc6 17. Nc5 Bxc5 18. Rxc5 Qb7 19. Qa4 Rd6 20. Rfc1 Rc8 21. b4 Nb6 22. Qa3 Rd5 1/2-1/2

[Event "Quebec op"]
[Site "Montreal CAN"]
[Date "2012.07.22"]
[Round "3"]
[White "Tessier, Olivier"]
[Black "Yu, Zong Yang"]
[Result "0-1"]
[WhiteElo "2194"]
[BlackElo "1943"]
[PlyCount "70"]
[GameId "2160767909441998"]
[EventDate "2012.07.21"]
[EventType "swiss"]
[EventRounds "9"]
[EventCountry "CAN"]
[SourceTitle "EXT 2022"]
[Source "ChessBase"]
[SourceDate "2021.10.06"]
[SourceVersion "1"]
[SourceVersionDate "2021.10.06"]
[SourceQuality "1"]

1. d4 Nf6 2. Nc3 d5 3. e4 Nxe4 4. Nxe4 dxe4 5. f3 e5 6. d5 Bc5 7. g3 Qf6 8. Bg2 h5 9. Qe2 h4 10. Be3 Bxe3 11. Qxe3 h3 12. Bf1 exf3 13. Nxf3 O-O 14. O-O-O Bg4 15. Be2 Nd7 16. Rhf1 Qe7 17. Rde1 Rae8 18. Bd3 c6 19. dxc6 bxc6 20. Qe4 f5 21. Qc4+ Kh8 22. Kb1 Bxf3 23. Rxf3 e4 24. Rfe3 Ne5 25. Qc3 Ng4 26. R3e2 Qf6 27. Qxf6 Rxf6 28. Bc4 Rd8 29. c3 g6 30. Kc2 Rfd6 31. b4 Ne5 32. Bb3 Nf3 33. Rh1 Rd2+ 34. Rxd2 Rxd2+ 35. Kc1 Rxh2 0-1

[Event "Quebec op"]
[Site "Montreal CAN"]
[Date "2012.07.22"]
[Round "3"]
[White "Thavandiran, Shiyam"]
[Black "Leveille, Francois"]
[Result "0-1"]
[WhiteElo "2301"]
[BlackElo "2301"]
[PlyCount "68"]
[GameId "2160767909441999"]
[EventDate "2012.07.21"]
[EventType "swiss"]
[EventRounds "9"]
[EventCountry "CAN"]
[SourceTitle "CBM 149 Extra"]
[Source "ChessBase"]
[SourceDate "2012.08.24"]
[SourceVersion "1"]
[SourceVersionDate "2012.08.24"]
[SourceQuality "1"]

1. e4 c6 2. d4 d5 3. Nc3 dxe4 4. Nxe4 Bf5 5. Nc5 e5 6. Nxb7 Qb6 7. Nc5 exd4 8. Nb3 c5 9. Bd3 Bxd3 10. cxd3 Nf6 11. Bg5 Be7 12. Ne2 O-O 13. O-O Nbd7 14. Ng3 Rfe8 15. Re1 Bf8 16. Qf3 Rab8 17. Bf4 Rbc8 18. Rec1 Bd6 19. Nf5 Bxf4 20. Qxf4 Rc6 21. Nd2 Rce6 22. Nc4 Qb4 23. h3 g6 24. a3 Qb3 25. Ncd6 Rf8 26. Nh6+ Kg7 27. Nhxf7 Qxd3 28. Ng5 Re2 29. Re1 Kg8 30. Ne6 Nh5 31. Qh4 Rf6 32. Rxe2 Qxe2 33. g4 Qxe6 34. gxh5 Qxd6 0-1

[Event "Quebec op"]
[Site "Montreal CAN"]
[Date "2012.07.22"]
[Round "3"]
[White "Tomb, Maroun"]
[Black "Gedajlovic, Max"]
[Result "1-0"]
[WhiteElo "2087"]
[BlackElo "1817"]
[PlyCount "115"]
[GameId "2160767909442000"]
[EventDate "2012.07.21"]
[EventType "swiss"]
[EventRounds "9"]
[EventCountry "CAN"]
[SourceTitle "EXT 2022"]
[Source "ChessBase"]
[SourceDate "2021.10.06"]
[SourceVersion "1"]
[SourceVersionDate "2021.10.06"]
[SourceQuality "1"]

1. c4 Nf6 2. Nc3 g6 3. e4 d6 4. d4 Bg7 5. Bg5 O-O 6. f4 c5 7. d5 Bg4 8. Qd2 a6 9. h3 Bd7 10. a4 Qc7 11. Nf3 e6 12. e5 dxe5 13. fxe5 Nh5 14. d6 Qb6 15. a5 Qb4 16. Bd3 Ng3 17. Rg1 Nf5 18. Ne4 Qxd2+ 19. Kxd2 Nd4 20. Nxd4 cxd4 21. Bf6 Bc6 22. Bxg7 Kxg7 23. Nf6 Nd7 24. Nxd7 Bxd7 25. Rgf1 Bc6 26. g4 f6 27. exf6+ Rxf6 28. Rxf6 Kxf6 29. Rf1+ Kg7 30. b4 e5 31. b5 axb5 32. cxb5 Bd5 33. Re1 Kf6 34. a6 bxa6 35. bxa6 Rd8 36. a7 Rxd6 37. Rf1+ Kg7 38. Bc4 Rd7 39. Bxd5 Rxa7 40. g5 h6 41. h4 hxg5 42. hxg5 Rc7 43. Rf6 Kh7 44. Be4 Rg7 45. Kd3 Rc7 46. Kd2 Rc3 47. Bxg6+ Kg7 48. Bd3 Rc5 49. Rg6+ Kf7 50. Be4 Rc3 51. Rf6+ Kg7 52. Re6 Rc5 53. g6 Ra5 54. Re7+ Kg8 55. g7 Rc5 56. Bf5 Rc2+ 57. Bxc2 d3 58. Bb3+ 1-0

[Event "Quebec op"]
[Site "Montreal CAN"]
[Date "2012.07.22"]
[Round "3"]
[White "Trottier, Emile"]
[Black "O'Neill, Brendon"]
[Result "1-0"]
[WhiteElo "2066"]
[BlackElo "1496"]
[PlyCount "39"]
[GameId "2160767909442001"]
[EventDate "2012.07.21"]
[EventType "swiss"]
[EventRounds "9"]
[EventCountry "CAN"]
[SourceTitle "hb 2012"]

1. e4 c5 2. c3 Nc6 3. d4 e6 4. Nf3 b6 5. d5 exd5 6. exd5 Nce7 7. d6 Nf6 8. dxe7 Bxe7 9. Bd3 O-O 10. O-O d5 11. Bg5 h6 12. Bh4 Bb7 13. Bc2 g5 14. Bg3 Nh5 15. Ne5 Nxg3 16. fxg3 c4 17. Qh5 Bc5+ 18. Kh1 f6 19. Qg6+ Kh8 20. Qh7# 1-0

[Event "Quebec op"]
[Site "Montreal CAN"]
[Date "2012.07.22"]
[Round "3"]
[White "Vera, Reynaldo"]
[Black "Noritsyn, Nikolay"]
[Result "1/2-1/2"]
[WhiteElo "2489"]
[BlackElo "2460"]
[PlyCount "72"]
[GameId "2160767909442002"]
[EventDate "2012.07.21"]
[EventType "swiss"]
[EventRounds "9"]
[EventCountry "CAN"]
[SourceTitle "CBM 149 Extra"]
[Source "ChessBase"]
[SourceDate "2012.08.24"]
[SourceVersion "1"]
[SourceVersionDate "2012.08.24"]
[SourceQuality "1"]

1. d4 Nf6 2. c4 c5 3. d5 d6 4. Nc3 g6 5. e4 Bg7 6. Bd3 O-O 7. h3 Na6 8. Nf3 Nc7 9. Bg5 h6 10. Be3 e6 11. Qd2 Kh7 12. a4 Na6 13. Rd1 exd5 14. cxd5 Nb4 15. Bb1 b6 16. O-O Ba6 17. Rfe1 Nd7 18. Bf4 Qe7 19. Bg3 Rad8 20. Bh4 Bf6 21. Bxf6 Qxf6 22. Nh2 Ne5 23. Ng4 Nxg4 24. hxg4 Kg7 25. Qe3 Qh4 26. f3 Rfe8 27. Qf2 Qg5 28. Qd2 Qf6 29. Qf2 Qg5 30. Qd2 Bc8 31. g3 Bd7 32. Kg2 Qxd2+ 33. Rxd2 a6 34. Rh1 Ra8 35. Kf2 b5 36. a5 Re5 1/2-1/2